00361nam a2200145Ia 4500008004100000040001300041100001200054100002800066245003900094260001400133260001000147260000900157300000700166700004200173180423s9999 xx 000 0 und d aPK-NaQUE a12ME103 aSyed Irfan Abbas Rizvi  0aManufacturing of Nibbling Machine  aNawabshah bQUEST c2012 a41 aDepartment of Mechanical Engineering